000 00282nam a22001097a 4500
008 170105b xxu||||| |||| 00| 0 eng d
020 _a9780072820300
041 _aeng
080 _29TH
_a618.2
245 _aHUMAN DEVELOPMENT
_cPAPALIA, A/E & OLDS, S.W & FELDMAN, R.D
942 _2udc
_cBK
999 _c2582
_d2582